000 00929cam a2200289 a 4500
008
020 _a9781412907316 (pbk.)
049 _aMAIN
090 _aLB1117
_bBLA
100 1 _aBlake, Simon.
245 1 0 _aPromoting emotional and social development in schools :
_ba practical guide /
_cSimon Blake, Julia Bird and Lynne Gerlach.
260 _aLondon :
_bPaul Chapman,
_c2007.
300 _ax, 134 p. :
_bill. ;
_c30 cm.
504 _aIncludes bibliographical references.
500 _aincludes index.
650 0 _aChild development.
650 0 _aChild psychology.
650 0 _aSocial skills in children.
650 0 _aEmotions in children.
650 0 _aSocial skills
_xStudy and teaching.
650 0 _aEducational psychology.
907 _a.b10325220
_b06-03-13
_c17-12-12
003
005 20230123125512.0
040 _cNUST
942 _cBOOKS
_kLB1117
_mBLA
999 _c142639
_d142639